000 00501nam a2200181Ia 4500
005 20250317120640.0
008 008 250317s9999 xx 000 0 eng d
037 _aTextbook
040 _aFMSL
_beng
_cFMSL
041 _aeng
_2eng
084 _aX72 M01
_qFMSL
100 _aRadian A
_9735113
245 0 _aResource mobilization in poor countries
260 _aUSA
_bUSA, Transaction Books
_c1980
300 _a265p
942 _cTB
_hX72 M01
999 _c1239704
_d1239704